<?xml version="1.0" encoding="UTF-8"?>
<collection xmlns="http://www.loc.gov/MARC21/slim">
 <record>
  <leader>01711aam a22002298a 4500</leader>
  <controlfield tag="001">NCT_760</controlfield>
  <controlfield tag="008">130104s2012                  ||||||viesd</controlfield>
  <datafield tag="999" ind1=" " ind2=" ">
   <subfield code="c">37</subfield>
   <subfield code="d">37</subfield>
  </datafield>
  <datafield tag="020" ind1=" " ind2=" ">
   <subfield code="c">28000</subfield>
  </datafield>
  <datafield tag="082" ind1="0" ind2="4">
   <subfield code="2">23rd ed.</subfield>
   <subfield code="a">541</subfield>
   <subfield code="b">H507/T.2</subfield>
  </datafield>
  <datafield tag="100" ind1="1" ind2=" ">
   <subfield code="a">Nguyễn Đình Huề</subfield>
  </datafield>
  <datafield tag="245" ind1="1" ind2="0">
   <subfield code="a">Giáo trình hoá lí</subfield>
   <subfield code="n">Tập 2</subfield>
   <subfield code="p">Nhiệt động lực học hoá học</subfield>
   <subfield code="c">Nguyễn Đình Huề</subfield>
  </datafield>
  <datafield tag="250" ind1=" " ind2=" ">
   <subfield code="a">Tái bản lần thứ 7</subfield>
  </datafield>
  <datafield tag="260" ind1=" " ind2=" ">
   <subfield code="a">H.</subfield>
   <subfield code="b">Giáo dục</subfield>
   <subfield code="c">2012</subfield>
  </datafield>
  <datafield tag="300" ind1=" " ind2=" ">
   <subfield code="a">227tr.</subfield>
   <subfield code="b">bảng, hình vẽ</subfield>
   <subfield code="c">21cm</subfield>
  </datafield>
  <datafield tag="520" ind1="3" ind2=" ">
   <subfield code="a">Nghiên cứu lí thuyết nhiệt động lực học trong hỗn hợp dung dịch và hỗn hợp các chất khí: Đặc trưng chung của dung dịch, hỗn hợp khí. Động lực học các dạng dung dịch. Phương pháp toạ độ, cân bằng hoá học. Ảnh hưởng của nhiệt độ lên cân bằng hoá học. Nguyên lí thứ ba của nhiệt động lực học. Nhiệt động lực học thống kê. Qui tắc pha và giản đồ pha. Hiện tượng bề mặt, hấp thụ</subfield>
  </datafield>
  <datafield tag="655" ind1=" " ind2="7">
   <subfield code="a">Giáo trình</subfield>
  </datafield>
  <datafield tag="942" ind1=" " ind2=" ">
   <subfield code="2">ddc</subfield>
   <subfield code="c">BK</subfield>
  </datafield>
  <datafield tag="952" ind1=" " ind2=" ">
   <subfield code="0">0</subfield>
   <subfield code="1">0</subfield>
   <subfield code="2">ddc</subfield>
   <subfield code="4">0</subfield>
   <subfield code="6">541_000000000000000_H507_T_2</subfield>
   <subfield code="7">0</subfield>
   <subfield code="9">114</subfield>
   <subfield code="a">000001</subfield>
   <subfield code="b">000001</subfield>
   <subfield code="d">2017-09-30</subfield>
   <subfield code="o">541 H507/T.2</subfield>
   <subfield code="p">MD.00156</subfield>
   <subfield code="r">2017-09-30</subfield>
   <subfield code="v">28000.00</subfield>
   <subfield code="w">2017-09-30</subfield>
   <subfield code="y">BK</subfield>
  </datafield>
  <datafield tag="952" ind1=" " ind2=" ">
   <subfield code="0">0</subfield>
   <subfield code="1">0</subfield>
   <subfield code="2">ddc</subfield>
   <subfield code="4">0</subfield>
   <subfield code="6">541_000000000000000_H507_T_2</subfield>
   <subfield code="7">0</subfield>
   <subfield code="9">115</subfield>
   <subfield code="a">000001</subfield>
   <subfield code="b">000001</subfield>
   <subfield code="d">2017-09-30</subfield>
   <subfield code="o">541 H507/T.2</subfield>
   <subfield code="p">MD.00155</subfield>
   <subfield code="r">2017-09-30</subfield>
   <subfield code="v">28000.00</subfield>
   <subfield code="w">2017-09-30</subfield>
   <subfield code="y">BK</subfield>
  </datafield>
  <datafield tag="952" ind1=" " ind2=" ">
   <subfield code="0">0</subfield>
   <subfield code="1">0</subfield>
   <subfield code="2">ddc</subfield>
   <subfield code="4">0</subfield>
   <subfield code="6">541_000000000000000_H507_T_2</subfield>
   <subfield code="7">0</subfield>
   <subfield code="9">116</subfield>
   <subfield code="a">000001</subfield>
   <subfield code="b">000001</subfield>
   <subfield code="d">2017-09-30</subfield>
   <subfield code="o">541 H507/T.2</subfield>
   <subfield code="p">MD.00154</subfield>
   <subfield code="r">2017-09-30</subfield>
   <subfield code="v">28000.00</subfield>
   <subfield code="w">2017-09-30</subfield>
   <subfield code="y">BK</subfield>
  </datafield>
  <datafield tag="980" ind1=" " ind2=" ">
   <subfield code="a">Thư viện Trường Đại học Nam Cần Thơ</subfield>
  </datafield>
 </record>
</collection>
